000
00271 a2200097 4500
020
_a
9788199141278
100
_a
Kottayam Pushpanath
245
_a
Mafia secret(മാഫിയ സീക്രട്ട്)
260
_b
Kottayam Pushpanath publications
_c
2026
942
_c
OO
999
_c
115807
_d
115806